书目信息 |
| 题名: |
煤化工安全与环保
|
|
| 作者: | 谢全安 , 薛利平 主编 | |
| 分册: | ||
| 出版信息: | 北京 化学工业出版社 2005 |
|
| 页数: | 187页 | |
| 开本: | 26cm | |
| 丛书名: | ||
| 单 册: | ||
| 中图分类: | TQ53 , X784 | |
| 科图分类: | ||
| 主题词: | 煤化工--安全生产--高等教育--教材 , 煤化工--环境保护--高等教育--教材 , 煤化工 , 安全生产 , 环境保护 | |
| 电子资源: | ||
| ISBN: | 7-5025-5754-7 | |
| 000 | 01170nam0 2200325 450 | |
| 001 | 002837070 | |
| 005 | 20070720105223.54 | |
| 010 | @a7-5025-5754-7@dCNY21.00 | |
| 035 | @a002837070 | |
| 100 | @a20050221d2005 em y0chiy0110 ea | |
| 101 | 0 | @achi |
| 102 | @aCN@b110000 | |
| 105 | @ay z 000yy | |
| 106 | @ar | |
| 200 | 1 | @a煤化工安全与环保@Amei hua gong an quan yu huan bao@f谢全安,薛利平主编@Fxie quan an, xue li ping zhu bian |
| 210 | @a北京@c化学工业出版社@d2005 | |
| 215 | @a187页@d26cm | |
| 300 | @a教育部高职高专规划教材 高职高专煤化工专业规划教材 | |
| 330 | @a本书共分十章,内容包括:安全生产概论、炼焦安全技术、化产回收与精制安全技术、气化安全技术、环境保护概论,煤化工废水、烟尘、废渣的污染与治理,毒物、粉尘、高温辐射、噪声、振动及电磁辐射的危害与防护,还介绍了职业卫生防护设施与个人防护用品。 | |
| 606 | 0 | @a煤化工@x安全生产@x高等教育@j教材 |
| 606 | 0 | @a煤化工@x环境保护@x高等教育@j教材 |
| 606 | 0 | @a煤化工 |
| 606 | 0 | @a安全生产 |
| 606 | 0 | @a环境保护 |
| 690 | @aTQ53@v4 | |
| 690 | @aX784@v4 | |
| 701 | 0 | @a谢全安@Axie quan an@4主编 |
| 701 | 0 | @a薛利平@Axue li ping@4主编 |
| 801 | 0 | @aCN@bNLC@c20070720 |
| 905 | @dTQ53@e20@f5 | |
| 煤化工安全与环保/谢全安,薛利平主编.-北京:化学工业出版社,2005 |
| 187页;26cm |
| 教育部高职高专规划教材 高职高专煤化工专业规划教材 |
| ISBN 7-5025-5754-7:CNY21.00 |
| 本书共分十章,内容包括:安全生产概论、炼焦安全技术、化产回收与精制安全技术、气化安全技术、环境保护概论,煤化工废水、烟尘、废渣的污染与治理,毒物、粉尘、高温辐射、噪声、振动及电磁辐射的危害与防护,还介绍了职业卫生防护设施与个人防护用品。 |
| ● |
| 相关链接 |
|
|
|
|
正题名:煤化工安全与环保
索取号:TQ53/20
 
预约/预借
| 序号 | 登录号 | 条形码 | 馆藏地/架位号 | 状态 | 备注 |
| 1 | 0850202 | 208502020 | 第二样本阅览室/ [索取号:TQ53/20] | 在馆 | |
| 2 | 0850203 | 208502039 | 第三借阅区/ [索取号:TQ53/20] | 在馆 | |
| 3 | 0850204 | 208502048 | 第三借阅区/ [索取号:TQ53/20] | 在馆 | |
| 4 | 0850205 | 208502057 | 第三借阅区/ [索取号:TQ53/20] | 在馆 | |
| 5 | 0850206 | 208502066 | 第三借阅区/ [索取号:TQ53/20] | 在馆 |